A hallgatók hetven százaléka megbukott. Jogos panasz...

Elmentve itt :
Bibliográfiai részletek
Dokumentumtípus: Cikk
Megjelent: 2000-07-11
Sorozat:Délmagyarország 90 No. 160
Kulcsszavak:Oktatás, jogász
Online Access:http://dmarchiv.bibl.u-szeged.hu/80932
LEADER 00432nab a2200145 i 4500
001 delm80932
005 20191028153017.0
008 191028s2000 hu o 0|| hun d
040 |a SZTE Délmagyarország Archívum  |b hun 
041 |a hun 
245 0 2 |a A hallgatók hetven százaléka megbukott. Jogos panasz...  |h [elektronikus dokumentum] 
260 |c 2000-07-11 
300 |a 10 
490 0 |a Délmagyarország  |v 90 No. 160 
695 |a Oktatás, jogász